| 000 | 01016nam a22002537a 4500 | ||
|---|---|---|---|
| 999 |
_c7428 _d7428 |
||
| 003 | AR-CdUCM | ||
| 008 | 190320b ||||| |||| 00| 0 spa d | ||
| 040 |
_aMUNICIPALIDAD PROVINCIAL DEL CUSCO _cBIBLIOTECA MUNICIPAL DEL CUSCO |
||
| 041 | _heng | ||
| 082 |
_a409 / _bM88 |
||
| 100 |
_aMounin, Georges _912987 |
||
| 245 |
_aHistoria de la lingüística : _bdesde los orígenes al siglo XX / |
||
| 260 |
_aMadrid : _bGredos, _c1968. |
||
| 300 |
_a229 páginas ; _c20 cm. |
||
| 440 |
_aBiblioteca románica hispánica _920948 |
||
| 500 | _aTítulo original: HISTOIRE DE LA LINGUISTIQUE DES ORIGINES AU XXe SIECLE | ||
| 505 | _aContenido: La prehistoria y el lenguaje -- Los egipcios -- La edad media (siglos IV-XIV) -- Los tiempos modernos -- El humanismo y el renacimiento (siglos XV y XVI) | ||
| 650 |
_aLingüística histórica _915146 |
||
| 650 |
_aDescripción de las lenguas _920949 |
||
| 650 |
_aGramática _99175 |
||
| 700 |
_aMounin, Geoges (Traductor) _920950 |
||
| 942 |
_2ddc _cLIBROS |
||
| 945 | _araen | ||